000 00744cam a2200169K 4500
082 0 4 _a915
_bYOU
100 1 _aYounghusband, Francis Edward,
_950506
245 1 4 _aThe heart of a continent
_ba narrative of travels in Manchuria, across the Gobi desert, through the Himalayas, the Pamirs, and Chitral, 1884-1894.
_cBy Captain Frank E. Younghusband ...
260 _aLondon,
_bJ. Murray,
_c1896.
300 _a1 online resource (xvii p., 1 l., 409 p.)
_bfront., illus., 17 pl. (incl. port. group) 4 fold. maps.
500 _aEdited by John Murray.
526 _a0
_b0
_c0
_d915_000000000000000_YOU
650 _aMCE
_9379
700 1 _aMurray, John,
_950507
856 4 0 _uhttp://catalog.hathitrust.org/api/volumes/oclc/1444951.html
942 _2ddc
_cBK
999 _c553243
_d553243